| 000 | 01365nam a22002537a 4500 | ||
|---|---|---|---|
| 003 | OSt | ||
| 005 | 20210226105859.0 | ||
| 008 | 210226s2014 eu a|||br|||| 00| j eng d | ||
| 020 | _a9780060854782 | ||
| 040 |
_aCO-JMCR _cCO-JMCR |
||
| 041 | 0 | _aeng | |
| 082 | 0 | 4 |
_aC / _bKEAm _223 |
| 100 | 1 |
_aKeane, Dave, _eautor _913994 |
|
| 245 | 1 | 0 |
_aMonster school : _bthe spooky sleepover / _cDave Keane |
| 250 | _aFirst edition | ||
| 260 |
_aNew York, _bHarper, _c2014 |
||
| 300 |
_a32 páginas : _bilustraciones a color ; _c23 cm. |
||
| 490 | 0 |
_aI can Read ; _v2 |
|
| 520 | 3 | _aNorm es simplemente normal hasta que se encuentra en una nueva escuela donde todos sus compañeros de clase son monstruos! Cuando su escuela organiza una fiesta de pijamas, Norm está nervioso porque tendrá demasiado miedo para quedarse dormido. Pero no son los monstruos lo que le asusta, ¡está durmiendo fuera de casa. Únase a Norm en esta historia loca y fácil de leer que Puedo Leer sobre cómo aprender a encajar. Los lectores reacios, lectores varones, lectores femeninos, lectores monstruosos, cualquier lector principiante, disfrutarán de la historia maravillosamente tonta y las divertidas ilustraciones. | |
| 650 | 1 | 4 |
_aCuentos infantiles _913995 |
| 650 | 2 | 4 |
_aMonstruos en la literatura _913996 |
| 650 | 2 | 4 |
_aMiedo en la escuela _xcuento infantil _913997 |
| 942 |
_2ddc _cBK |
||
| 999 |
_c7344 _d7344 |
||